000 00585cam a22002053a 4500
001 42654
003 PGUSA
005 20140828083951.0
008 130506s2013||||xxu|||||s|||||000 | eng d
040 _aPGUSA
_beng
042 _adc
100 1 _aBierman, A.
245 1 4 _aThe Topanga Culture Final Report on Excavations, 1948
_h[electronic resource] /
_cA. Bierman
260 _bProject Gutenberg,
_c2013
506 _aPublic domain in the USA.
516 _aElectronic text
830 0 _aProject Gutenberg
_v42654
856 4 0 _uhttp://www.gutenberg.org/ebooks/42654
942 _cEB
999 _c271906
_d271906